000 00802nas a2200265 4500
001 BR9703099
003 BR-BrBNA
005 20231205100209.0
007 ta
008 230509b bl.|||p| |||| 00| 00por d
040 _aBR-BrBNA
_bpor
_cBiblioteca Nacional de Agricultura
041 _a(Pt)
072 _aF63; F02
100 1 _aQuirino, E.A.
100 1 _aTombolato, A.F.C.
100 1 _aAmbrosano, G.M.B.
245 1 _aMicropropagacao de Alstroemeria aff. inodora atraves de meristema apical
650 _aAlstroemeria
650 _aReproducao Vegetal
650 _aCultura In Vitro
650 _aMeristema
773 0 _tRevista Brasileira de Horticultura Ornamental (Brazil)
_x
_g(1996), v. 2(1) p. 47-51
_wBR9703099
909 _a202311
_bLúcia
_c55
_dLúcia Elande
942 _2AGRIS
_n0
_cANA
999 _c154712
_d154712